000 00324nam a22001457a 4500
999 _c167851
_d167851
082 _a
_b
100 _aKaku Michio
100 _aThompson Jennifer
245 _aBeyond Einstein/
_cby Kaku Michio and Thompson Jennifer.
260 _a
_bOxford,
_c2010.
300 _a230p.
600 _a
650 _a
942 _cBK